00223nam a2200085Ia 4500008004100000100001800041245002400059260004500083260000900128170620s9999 xx 000 0 und d aMahmud- Jafar 0aAbnormal Psychology bNew Delhi- A.P.H. Publishing corporation c2004